000 00647cam a2200229 4500500
005 20260405003734.0
041 _afre
042 _adc
100 1 0 _aLacroix, Alexandre
_eauthor
245 0 0 _aRenoncer à tout savoir
260 _c2023.
500 _a100
690 _aAlexandre Lacroix
690 _aAlgorithme
690 _aapprendre
690 _aConnaissance
690 _aHumanisme
690 _aSavoir
690 _aTotalité
786 0 _nPhilosophie magazine | 172 | 9 | 2023-09-01 | p. 24-24 | 1951-1787
856 4 1 _uhttps://shs.cairn.info/magazine-philosophie-magazine-2023-9-page-24?lang=fr&redirect-ssocas=7080
999 _c2070372
_d2070372